| 000 | 00441nam a2200145 4500 | ||
|---|---|---|---|
| 001 | 118533 | ||
| 003 | ES-MaACL | ||
| 007 | t| | ||
| 008 | 070214s1986 ag r ||||1| spa d | ||
| 100 | 1 |
_aParejo Alfonso, Luciano. _989071 |
|
| 245 | 1 | 0 |
_aDerecho urbanĂstico _b: instituciones básicas / _cLuciano Parejo Alfonso. |
| 260 |
_aMendoza : _bed. Ciudad Argentina, _c1986. |
||
| 300 |
_a684 p. ; _c22 cm. |
||
| 852 |
_aES-MaACL _jL-9647 _bR.111823 |
||
| 999 |
_c118533 _d118533 |
||